| 000 | 00349nam a2200133Ia 4500 | ||
|---|---|---|---|
| 008 | 240624s9999 xx 000 0 und d | ||
| 041 | _aeng | ||
| 082 | _a658.3124 GOR | ||
| 100 | _aGORRELL PAUL J | ||
| 245 | _aCOACHING CONNECTION A MANAGER S GUIDE TO | ||
| 260 |
_c2009 _aNew York _bAMACOM |
||
| 300 | _axvii, : 266 : p. : cm. ; 23 | ||
| 365 |
_c _b28 |
||
| 999 |
_c21356 _d21356 |
||